[Event "Olimpiada Dresden 2008 Femenina"]
[Site "Dresden GER"]
[Date "2008.11.13"]
[Round "1.7"]
[White "Mkrtchian, Lilit"]
[Black "Zimina, Olga"]
[Result "1-0"]
[WhiteElo "2443"]
[BlackElo "2368"]
[PlyCount "73"]
[EventDate "2008.11.13"]
[EventType "team-tourn"]
[EventRounds "11"]
[EventCountry "GER"]
[Source "lmi"]
[SourceDate "2008.11.13"]
[WhiteTeam "Armenia"]
[BlackTeam "Italia"]
[WhiteTeamCountry "ARM"]
[BlackTeamCountry "ITA"]

1. c4 e5 2. Nc3 Nf6 3. Nf3 Nc6 4. g3 d5 5. cxd5 Nxd5 6. Bg2 Nb6 7. O-O Be7 8.
d3 O-O 9. Be3 f5 10. b4 Bf6 11. Nd2 Kh8 12. b5 Nd4 13. Nb3 f4 14. Bxd4 exd4 15.
Ne4 Nd5 16. Rc1 fxg3 17. hxg3 a6 18. a4 axb5 19. axb5 Ra4 20. Qc2 Nc3 21. Nxc3
dxc3 22. d4 Rb4 23. Qxc3 Rxb5 24. e3 c6 25. Nc5 Bf5 26. Qc4 Qb6 27. Nxb7 Bd7
28. Nd6 h6 29. Nxb5 cxb5 30. Qc5 Qb8 31. e4 b4 32. e5 Bg5 33. f4 Rc8 34. Qd5 b3
35. Qxd7 Rd8 36. Qb7 b2 37. Rb1 1-0

[Event "Olimpiada Dresden 2008 Femenina"]
[Site "Dresden GER"]
[Date "2008.11.13"]
[Round "1.7"]
[White "Ambrosi, Eleonora"]
[Black "Aginian, Nelly"]
[Result "0-1"]
[WhiteElo "2128"]
[BlackElo "2325"]
[PlyCount "81"]
[EventDate "2008.11.13"]
[EventType "team-tourn"]
[EventRounds "11"]
[EventCountry "GER"]
[Source "lmi"]
[SourceDate "2008.11.13"]
[WhiteTeam "Italia"]
[BlackTeam "Armenia"]
[WhiteTeamCountry "ITA"]
[BlackTeamCountry "ARM"]

1. e4 e6 2. d4 d5 3. Nc3 Nf6 4. e5 Nfd7 5. f4 c5 6. Nf3 Nc6 7. Be3 cxd4 8. Nxd4
Bc5 9. Qd2 O-O 10. O-O-O a6 11. h4 Nxd4 12. Bxd4 b5 13. Rh3 b4 14. Na4 Bxd4 15.
Qxd4 a5 16. h5 f6 17. exf6 Qxf6 18. Qxf6 Nxf6 19. Nb6 Rb8 20. Nxc8 Rbxc8 21.
Be2 Ne4 22. Rf1 Rc7 23. Bd3 Nc5 24. Kd2 Rfc8 25. Rf2 a4 26. Kd1 Rf7 27. Re3 Rf6
28. g3 g6 29. hxg6 hxg6 30. Rh2 Rc7 31. Rh6 Kg7 32. Rh2 Rf8 33. Rh4 d4 34. Re5
b3 35. axb3 axb3 36. Rg4 Nxd3 37. cxd3 Kf6 38. Rb5 Rc2 39. Rxb3 Rg2 40. Rb4 Ra8
41. Rxd4 0-1

[Event "Olimpiada Dresden 2008 Femenina"]
[Site "Dresden GER"]
[Date "2008.11.13"]
[Round "1.8"]
[White "Zatonskih, Anna"]
[Black "Vojinovic, Jovana"]
[Result "1-0"]
[WhiteElo "2440"]
[BlackElo "2332"]
[PlyCount "131"]
[EventDate "2008.11.13"]
[EventType "team-tourn"]
[EventRounds "11"]
[EventCountry "GER"]
[Source "lmi"]
[SourceDate "2008.11.13"]
[WhiteTeam "Estados Unidos"]
[BlackTeam "MNE"]
[WhiteTeamCountry "USA"]

1. Nf3 Nf6 2. d4 g6 3. c4 Bg7 4. g3 O-O 5. Bg2 c6 6. O-O d6 7. Nc3 Bf5 8. Nh4
Be6 9. d5 cxd5 10. cxd5 Bd7 11. Nf3 Qa5 12. Nd4 Rc8 13. h3 Na6 14. a3 Qb6 15.
e3 Ne8 16. Nce2 Nc5 17. Rb1 Nc7 18. b3 Nb5 19. Bb2 Qd8 20. Qd2 Rc7 21. a4 Nxd4
22. Nxd4 Rac8 23. Ba1 Qf8 24. Rfe1 Bf6 25. Kh2 Qh6 26. Qe2 Na6 27. Qd2 Nc5 28.
Red1 Bg4 29. Rf1 Bd7 30. Qe2 Na6 31. Qd2 Nc5 32. Rbe1 Bxh3 33. Bxh3 Ne4 34. Qe2
Ng5 35. Rh1 Qxh3+ 36. Kg1 Qd7 37. Kg2 a6 38. Qd3 h5 39. Bb2 Bg7 40. Re2 Nh7 41.
e4 Nf6 42. Nf3 Qe8 43. Rhe1 Qf8 44. b4 Qd8 45. b5 axb5 46. Qxb5 Qd7 47. Qb3 Rc4
48. a5 R4c5 49. Bxf6 Bxf6 50. Rb1 R8c7 51. Qb4 Bc3 52. Qb3 Bxa5 53. Rd1 Bc3 54.
e5 Bxe5 55. Nxe5 dxe5 56. Rxe5 Qd6 57. Qe3 b5 58. Rd4 Rd7 59. Qe4 Rb7 60. Re6
fxe6 61. Qxg6+ Kh8 62. Qxh5+ Kg7 63. Rg4+ Kf8 64. Qh8+ Kf7 65. Qg8+ Kf6 66.
Qg7+ 1-0

[Event "Olimpiada Dresden 2008 Femenina"]
[Site "Dresden GER"]
[Date "2008.11.13"]
[Round "1.8"]
[White "Drljevic, Ljilja"]
[Black "Goletiani, Rusudan"]
[Result "0-1"]
[WhiteElo "2259"]
[BlackElo "2359"]
[PlyCount "70"]
[EventDate "2008.11.13"]
[EventType "team-tourn"]
[EventRounds "11"]
[EventCountry "GER"]
[Source "lmi"]
[SourceDate "2008.11.13"]
[WhiteTeam "MNE"]
[BlackTeam "Estados Unidos"]
[BlackTeamCountry "USA"]

1. e4 c5 2. Nf3 e6 3. d3 d6 4. g3 Nc6 5. Bg2 g6 6. O-O Bg7 7. c3 e5 8. Be3 Nge7
9. d4 exd4 10. cxd4 Bg4 11. dxc5 Bxb2 12. Nbd2 dxc5 13. Bxc5 Bg7 14. h3 Be6 15.
Ng5 Qd7 16. Nxe6 Qxe6 17. Rb1 Qxa2 18. e5 Rd8 19. Rxb7 Rxd2 20. Bxe7 Nxe7 21.
Rb8+ Kd7 22. Qg4+ Nf5 23. Rb7+ Ke6 24. Qb4 Bxe5 25. Qb5 Kf6 26. g4 Nd6 27. g5+
Kf5 28. Qd7+ Kxg5 29. Qe7+ f6 30. h4+ Kxh4 31. Qg7 h5 32. Rb4+ Kg5 33. Qxh8 a5
34. Rbb1 Qc4 35. Qd8 Qf4 0-1

[Event "Olimpiada Dresden 2008 Femenina"]
[Site "Dresden GER"]
[Date "2008.11.13"]
[Round "1.8"]
[White "Rohonyan, Katerina"]
[Black "Stojanovic, Marija R"]
[Result "1/2-1/2"]
[WhiteElo "2334"]
[BlackElo "2199"]
[PlyCount "123"]
[EventDate "2008.11.13"]
[EventType "team-tourn"]
[EventRounds "11"]
[EventCountry "GER"]
[Source "lmi"]
[SourceDate "2008.11.13"]
[WhiteTeam "Estados Unidos"]
[BlackTeam "MNE"]
[WhiteTeamCountry "USA"]

1. e4 c5 2. Nf3 d6 3. Bc4 Nf6 4. e5 dxe5 5. Nxe5 e6 6. O-O Nbd7 7. d4 cxd4 8.
Bf4 Nxe5 9. Bxe5 Bd6 10. Qxd4 Bxe5 11. Qxe5 O-O 12. Nc3 Bd7 13. Rad1 Rc8 14.
Bb3 Qc7 15. Qg5 Rfd8 16. Rd3 h6 17. Qh4 Bc6 18. Re3 Rd2 19. Rg3 Kh8 20. Re1
Rcd8 21. Rge3 R8d4 22. Qg3 Qd8 23. Qh3 Rg4 24. Rg3 Qd4 25. Rf1 Rh4 26. Rd3 Qf4
27. Qg3 Rxd3 28. Qxf4 Rxf4 29. cxd3 Rd4 30. Rd1 Kg8 31. f3 Kf8 32. Kf2 Ke7 33.
Ke3 Rd8 34. d4 Bd5 35. Bc2 Rc8 36. Be4 a6 37. Bxd5 exd5 38. Kd3 Kd6 39. g4 Nd7
40. Re1 b6 41. Re3 Rf8 42. Ne2 Nf6 43. Kd2 Ne8 44. Ng3 g6 45. f4 Nf6 46. h3 Re8
47. Re5 Re7 48. Kd3 Nd7 49. Rxe7 Kxe7 50. Ke3 Nb8 51. h4 Nc6 52. Ne2 Ke6 53.
Nc3 Ne7 54. Na4 Nc8 55. b4 Kf6 56. Kd3 Ke6 57. a3 Kf6 58. Nc3 Ne7 59. b5 a5 60.
Na4 Nc8 61. Nc5 Ke7 62. Na4 1/2-1/2

[Event "Olimpiada Dresden 2008 Femenina"]
[Site "Dresden GER"]
[Date "2008.11.13"]
[Round "1.9"]
[White "Dauletova, Gulmira"]
[Black "Hoang Thanh, Trang"]
[Result "0-1"]
[WhiteElo "2253"]
[BlackElo "2483"]
[PlyCount "78"]
[EventDate "2008.11.13"]
[EventType "team-tourn"]
[EventRounds "11"]
[EventCountry "GER"]
[Source "lmi"]
[SourceDate "2008.11.13"]
[WhiteTeam "Kazajstán"]
[BlackTeam "Hungría"]
[WhiteTeamCountry "KAZ"]
[BlackTeamCountry "HUN"]

1. e4 e6 2. d3 d5 3. Nd2 Nf6 4. Ngf3 b6 5. c3 Bb7 6. Qa4+ c6 7. Be2 Be7 8. e5
Nfd7 9. Qg4 g6 10. h4 h6 11. Nf1 c5 12. Bf4 Nc6 13. Ne3 Qc7 14. Qg3 d4 15. Nd5
exd5 16. e6 Qd8 17. exd7+ Qxd7 18. Ne5 Qe6 19. Bg4 f5 20. O-O fxg4 21. Rae1
Nxe5 22. Rxe5 Qd7 23. Rfe1 Rh7 24. Re6 O-O-O 25. Qxg4 Rg8 26. cxd4 c4 27. Qe2
Bd8 28. dxc4 Bc7 29. Bxc7 Qxc7 30. c5 Kb8 31. Qb5 Rd8 32. R1e3 bxc5 33. dxc5 d4
34. Rd3 Ka8 35. c6 Bc8 36. Rxg6 Re7 37. g3 Re1+ 38. Kh2 Qf7 39. Rd2 Qf3 0-1

[Event "Olimpiada Dresden 2008 Femenina"]
[Site "Dresden GER"]
[Date "2008.11.13"]
[Round "1.9"]
[White "Madl, Ildiko"]
[Black "Sergeeva, Maria"]
[Result "1-0"]
[WhiteElo "2376"]
[BlackElo "2325"]
[PlyCount "63"]
[EventDate "2008.11.13"]
[EventType "team-tourn"]
[EventRounds "11"]
[EventCountry "GER"]
[Source "lmi"]
[SourceDate "2008.11.13"]
[WhiteTeam "Hungría"]
[BlackTeam "Kazajstán"]
[WhiteTeamCountry "HUN"]
[BlackTeamCountry "KAZ"]

1. e4 c5 2. Nf3 d6 3. d4 cxd4 4. Nxd4 Nf6 5. Nc3 a6 6. g3 e5 7. Nb3 Be7 8. Bg2
O-O 9. a4 Be6 10. O-O Nbd7 11. Re1 h6 12. Nd2 Qa5 13. Nf1 b5 14. Ne3 g6 15. Bd2
Qb6 16. axb5 axb5 17. Rxa8 Rxa8 18. Nf5 Bf8 19. Be3 Qb8 20. Nxh6+ Kh7 21. Qd2
Bg7 22. h3 Nc5 23. Bg5 b4 24. Nd5 Nfxe4 25. Bxe4 Nxe4 26. Rxe4 Ra1+ 27. Kh2 Qb7
28. Rh4 f6 29. Ng4+ Kg8 30. Ngxf6+ Kf7 31. Rh7 Qb5 32. Bh6 1-0

[Event "Olimpiada Dresden 2008 Femenina"]
[Site "Dresden GER"]
[Date "2008.11.13"]
[Round "1.9"]
[White "Nakhbayeva, Guliskhan"]
[Black "Rudolf, Anna"]
[Result "0-1"]
[WhiteElo "2201"]
[BlackElo "2318"]
[PlyCount "76"]
[EventDate "2008.11.13"]
[EventType "team-tourn"]
[EventRounds "11"]
[EventCountry "GER"]
[Source "lmi"]
[SourceDate "2008.11.13"]
[WhiteTeam "Kazajstán"]
[BlackTeam "Hungría"]
[WhiteTeamCountry "KAZ"]
[BlackTeamCountry "HUN"]

1. d4 e6 2. c4 Nf6 3. Nc3 Bb4 4. e3 O-O 5. Bd3 d5 6. Nf3 c5 7. O-O cxd4 8. exd4
dxc4 9. Bxc4 b6 10. a3 Bxc3 11. bxc3 Bb7 12. Bg5 Qc7 13. Nd2 Nbd7 14. Qe2 Rac8
15. Rac1 Qd6 16. a4 e5 17. Bxf6 Qxf6 18. Rfd1 Rfd8 19. Qg4 Nf8 20. d5 Qg6 21.
Qh3 e4 22. Ba2 Rc7 23. c4 Kh8 24. Bb1 f5 25. f3 e3 26. Nb3 Bc8 27. f4 e2 28.
Re1 Qd6 29. Rxe2 Ba6 30. Bd3 Qa3 31. Bxf5 Rxc4 32. Rce1 Rxf4 33. Re5 Qxa4 34.
g3 Rf3 35. Bxh7 Nxh7 36. Rh5 Bd3 37. Qe6 Qxb3 38. Qd7 Rdf8 0-1

[Event "Olimpiada Dresden 2008 Femenina"]
[Site "Dresden GER"]
[Date "2008.11.13"]
[Round "1.9"]
[White "Schneider, Veronika"]
[Black "Rysbayeva, Aigerim"]
[Result "1/2-1/2"]
[WhiteElo "2315"]
[BlackElo "2180"]
[PlyCount "85"]
[EventDate "2008.11.13"]
[EventType "team-tourn"]
[EventRounds "11"]
[EventCountry "GER"]
[Source "lmi"]
[SourceDate "2008.11.13"]
[WhiteTeam "Hungría"]
[BlackTeam "Kazajstán"]
[WhiteTeamCountry "HUN"]
[BlackTeamCountry "KAZ"]

1. e4 e5 2. Nf3 Nc6 3. d4 exd4 4. Nxd4 Bc5 5. Be3 Qf6 6. c3 Nge7 7. g3 d5 8.
Bg2 dxe4 9. Nd2 Bb6 10. Nxe4 Qg6 11. O-O O-O 12. Re1 Nxd4 13. Bxd4 Nc6 14. Bxb6
axb6 15. Qd2 Be6 16. Qf4 Rac8 17. Ng5 Bf5 18. Bd5 h6 19. Nf3 Bd7 20. Be4 f5 21.
Bd5+ Kh7 22. Rad1 Rfe8 23. Rxe8 Qxe8 24. Re1 Qf8 25. Nd4 Nxd4 26. Qxd4 Rd8 27.
Qf4 c6 28. Bb3 Re8 29. Rd1 Bc8 30. Qd4 b5 31. Qd6 Re1+ 32. Kg2 Qe8 33. Rxe1
Qxe1 34. Qd3 Be6 35. Bxe6 Qxe6 36. b3 Kg8 37. h4 Kf7 38. Qd2 Qe4+ 39. Kh2 Ke7
40. Kg1 Qb1+ 41. Kg2 Qe4+ 42. f3 Qe5 43. Kf2 1/2-1/2

[Event "Olimpiada Dresden 2008 Femenina"]
[Site "Dresden GER"]
[Date "2008.11.13"]
[Round "1.10"]
[White "Socko, Monika"]
[Black "Kopinits, Anna-Christina"]
[Result "1-0"]
[WhiteElo "2434"]
[BlackElo "2270"]
[PlyCount "65"]
[EventDate "2008.11.13"]
[EventType "team-tourn"]
[EventRounds "11"]
[EventCountry "GER"]
[Source "lmi"]
[SourceDate "2008.11.13"]
[WhiteTeam "Polonia"]
[BlackTeam "Austria"]
[WhiteTeamCountry "POL"]
[BlackTeamCountry "AUT"]

1. e4 c5 2. Nf3 Nc6 3. Bb5 d6 4. O-O Bd7 5. c3 Nf6 6. Re1 a6 7. Bxc6 Bxc6 8. d4
cxd4 9. cxd4 Bxe4 10. Nc3 Bxf3 11. Qxf3 e6 12. Qxb7 Qc8 13. Qf3 Be7 14. Bg5 Rb8
15. Bxf6 Bxf6 16. Rac1 Qd7 17. Ne4 Be7 18. d5 O-O 19. dxe6 fxe6 20. Qe2 Qb7 21.
b3 Rbe8 22. Qg4 e5 23. Qe6+ Kh8 24. Nxd6 Bxd6 25. Qxd6 e4 26. Rc7 Qb5 27. h3
Qa5 28. Re2 Qb5 29. Qd4 Rf6 30. Rxe4 Ref8 31. Rg4 g6 32. Rh4 h5 33. Qa7 1-0

[Event "Olimpiada Dresden 2008 Femenina"]
[Site "Dresden GER"]
[Date "2008.11.13"]
[Round "1.10"]
[White "Novkovic, Julia"]
[Black "Rajlich, Iweta"]
[Result "1-0"]
[WhiteElo "2161"]
[BlackElo "2404"]
[PlyCount "147"]
[EventDate "2008.11.13"]
[EventType "team-tourn"]
[EventRounds "11"]
[EventCountry "GER"]
[Source "lmi"]
[SourceDate "2008.11.13"]
[WhiteTeam "Austria"]
[BlackTeam "Polonia"]
[WhiteTeamCountry "AUT"]
[BlackTeamCountry "POL"]

1. e4 Nf6 2. e5 Nd5 3. d4 d6 4. c4 Nb6 5. f4 dxe5 6. fxe5 Nc6 7. Be3 Bf5 8. Nf3
e6 9. Be2 Bb4+ 10. Nc3 Qe7 11. a3 Bxc3+ 12. bxc3 O-O-O 13. O-O h6 14. Ra2 g5
15. Nd2 Na5 16. Qc1 Na4 17. c5 Qd7 18. Nc4 Nxc4 19. Bxc4 Qc6 20. Rff2 Rd7 21.
Bd2 Rhd8 22. Qf1 a6 23. Be1 Kb8 24. Ra1 Bg6 25. Rc1 g4 26. Ra2 h5 27. Bh4 Rg8
28. Rf2 Ka7 29. Ra2 Ka8 30. Rf2 Kb8 31. Ra2 Bf5 32. Rf2 g3 33. Bxg3 Qe4 34. Re1
Qc6 35. Rc1 Rg4 36. Rf4 Rxf4 37. Bxf4 h4 38. Bg5 h3 39. Qf3 Qxf3 40. gxf3 Ka7
41. Kf2 Nb2 42. Bf1 b5 43. Kg3 Nc4 44. Ra1 c6 45. Bxh3 Bg6 46. Bf1 Nb2 47. h4
Kb8 48. Be2 Kc8 49. Kg4 Bf5+ 50. Kf4 Bg6 51. Ke3 Nc4+ 52. Kf2 Nb2 53. Rh1 Na4
54. h5 Bh7 55. Rc1 Nb2 56. Kg3 Rb7 57. Bf6 Kd7 58. Kf4 Rb8 59. Rg1 Rg8 60. Rxg8
Bxg8 61. Kg5 Na4 62. c4 Nc3 63. Bd3 a5 64. cxb5 cxb5 65. Kh6 b4 66. axb4 a4 67.
Bg5 a3 68. Bc1 a2 69. Bb2 Nd1 70. Ba1 Kc6 71. Bc4 Ne3 72. b5+ Kc7 73. Kg7 Nxc4
74. Kxg8 1-0

[Event "Olimpiada Dresden 2008 Femenina"]
[Site "Dresden GER"]
[Date "2008.11.13"]
[Round "1.10"]
[White "Zawadzka, Jolanta"]
[Black "Mira, Helene"]
[Result "1-0"]
[WhiteElo "2378"]
[BlackElo "2115"]
[PlyCount "191"]
[EventDate "2008.11.13"]
[EventType "team-tourn"]
[EventRounds "11"]
[EventCountry "GER"]
[Source "lmi"]
[SourceDate "2008.11.13"]
[WhiteTeam "Polonia"]
[BlackTeam "Austria"]
[WhiteTeamCountry "POL"]
[BlackTeamCountry "AUT"]

1. e4 e5 2. Nf3 Nc6 3. Bb5 a6 4. Ba4 Nf6 5. O-O b5 6. Bb3 Bc5 7. a4 Rb8 8. c3
d6 9. d4 Bb6 10. a5 Ba7 11. h3 O-O 12. Be3 Bb7 13. d5 Bxe3 14. dxc6 Bxf2+ 15.
Rxf2 Bxc6 16. Bd5 Bxd5 17. exd5 Ne4 18. Rf1 f5 19. Nbd2 Ng3 20. Re1 Qf6 21. Nf1
Ne4 22. N3d2 Nc5 23. Nb3 Ne4 24. Qe2 Kh8 25. Nbd2 Nc5 26. b4 Nd7 27. c4 Qf7 28.
Nb1 bxc4 29. Qxc4 Nf6 30. Nc3 Rfc8 31. Qxa6 Nxd5 32. Nxd5 Qxd5 33. Red1 Qe6 34.
Rab1 f4 35. Qc6 e4 36. Qd5 Qg6 37. Kh1 Re8 38. a6 Ra8 39. Ra1 Ra7 40. Ra2 h6
41. b5 Re5 42. Qd4 Ra8 43. b6 cxb6 44. Qxb6 Qf7 45. Rc2 f3 46. Qxd6 Ra5 47. Qc6
fxg2+ 48. Rxg2 R5xa6 49. Qxe4 Qh5 50. Rd3 Ra1 51. Kh2 Qf7 52. Ng3 Qc7 53. Qd5
R1a6 54. Qd7 Qb8 55. Rgd2 Qe5 56. Qf5 Qe8 57. Rd7 Ra2 58. Qg4 Rxd2+ 59. Rxd2
Qe5 60. Qe4 Qb8 61. Qd5 Qa7 62. Nf5 Qc7+ 63. Qd6 Qf7 64. Qd7 Qf6 65. Re2 Kh7
66. Qe6 Qc3 67. Rg2 Rg8 68. Nd6 Qc7 69. Kh1 Qc1+ 70. Rg1 Qc6+ 71. Qe4+ Qxe4+
72. Nxe4 Re8 73. Re1 Kg6 74. Kg2 Ra8 75. Re3 Ra6 76. Kf3 Kf5 77. Rb3 g5 78.
Rb5+ Kg6 79. Rd5 Ra3+ 80. Kg2 Ra2+ 81. Rd2 Ra4 82. Rd6+ Kg7 83. Ng3 Ra2+ 84.
Kf3 Ra3+ 85. Kf2 Ra2+ 86. Ke3 Ra3+ 87. Rd3 Ra6 88. Nf5+ Kg6 89. Rd6+ Rxd6 90.
Nxd6 Kh5 91. Nf5 Kg6 92. Ke4 h5 93. Ke5 g4 94. h4 Kf7 95. Ng3 Kg6 96. Kf4 1-0

[Event "Olimpiada Dresden 2008 Femenina"]
[Site "Dresden GER"]
[Date "2008.11.13"]
[Round "1.10"]
[White "Newrkla, Katharina"]
[Black "Majdan, Joanna"]
[Result "0-1"]
[WhiteElo "2071"]
[BlackElo "2284"]
[PlyCount "106"]
[EventDate "2008.11.13"]
[EventType "team-tourn"]
[EventRounds "11"]
[EventCountry "GER"]
[Source "lmi"]
[SourceDate "2008.11.13"]
[WhiteTeam "Austria"]
[BlackTeam "Polonia"]
[WhiteTeamCountry "AUT"]
[BlackTeamCountry "POL"]

1. e4 c5 2. Nf3 Nc6 3. d4 cxd4 4. Nxd4 Qb6 5. Nb3 Nf6 6. Nc3 e6 7. Bd3 a6 8.
O-O Be7 9. Qe2 d6 10. a4 h5 11. a5 Qc7 12. Bd2 h4 13. f4 Nh5 14. Na4 Bf6 15.
Nb6 Rb8 16. Nc4 Bd7 17. Be3 Be7 18. Bb6 Qc8 19. e5 d5 20. Nd6+ Bxd6 21. exd6
Kf8 22. Nc5 Nf6 23. c4 h3 24. g3 Kg8 25. Rfc1 d4 26. Ne4 Ne8 27. Bc5 e5 28.
fxe5 Bg4 29. Qc2 Nxe5 30. b4 f5 31. Nd2 Qc6 32. Bf1 Nxd6 33. Bxd4 Nf3+ 34. Nxf3
Bxf3 35. Ra3 Be4 36. Qd2 Nf7 37. Qf4 Rd8 38. Bb6 Re8 39. b5 Qf6 40. Rd1 Qb2 41.
Re3 Qc2 42. Rde1 Rh6 43. Bd4 Rd8 44. R3e2 Qa4 45. Bc3 Qa3 46. Re3 Qc5 47. Qf2
Ng5 48. R1e2 Rhd6 49. Rb2 Rd1 50. Bb4 Qxc4 51. Be7 Bg2 52. Re1 Rxe1 53. Qxe1
Qd4+ 0-1

[Event "Olimpiada Dresden 2008 Femenina"]
[Site "Dresden GER"]
[Date "2008.11.13"]
[Round "1.11"]
[White "Fierro Baquero, Martha L"]
[Black "Maric, Alisa"]
[Result "1-0"]
[WhiteElo "2361"]
[BlackElo "2405"]
[PlyCount "91"]
[EventDate "2008.11.13"]
[EventType "team-tourn"]
[EventRounds "11"]
[EventCountry "GER"]
[Source "lmi"]
[SourceDate "2008.11.13"]
[WhiteTeam "Ecuador"]
[BlackTeam "SRB"]
[WhiteTeamCountry "ECU"]

1. e4 e6 2. d4 d5 3. Nd2 dxe4 4. Nxe4 Nd7 5. Nf3 Ngf6 6. Nxf6+ Nxf6 7. c3 Be7
8. Bd3 O-O 9. O-O b6 10. Qe2 Bb7 11. Bf4 Qc8 12. Rfe1 c5 13. Rad1 a6 14. Be5
Rd8 15. a3 Qc6 16. Rd2 Ng4 17. Bg3 cxd4 18. cxd4 b5 19. d5 Rxd5 20. Be4 Nf6 21.
Bxd5 Nxd5 22. Rc2 Qe8 23. Nd2 Rc8 24. Rec1 Rxc2 25. Rxc2 Qa8 26. Nf3 Nb6 27.
Be5 Nc4 28. Bc3 Bd5 29. Rc1 h6 30. Rd1 Qb7 31. h3 Nb6 32. Qe3 Nc4 33. Qf4 f6
34. Qg4 Qc6 35. Nh4 Qe8 36. Ng6 Qf7 37. h4 f5 38. Nxe7+ Qxe7 39. Qg3 Qf7 40.
Re1 Kh7 41. Rc1 Qb7 42. b3 Nb6 43. Bd4 Na8 44. Rc3 Qf7 45. Qf4 Qh5 46. Rg3 1-0

[Event "Olimpiada Dresden 2008 Femenina"]
[Site "Dresden GER"]
[Date "2008.11.14"]
[Round "2.1"]
[White "Kosintseva, Tatiana"]
[Black "Krivec, Jana"]
[Result "1/2-1/2"]
[WhiteElo "2513"]
[BlackElo "2345"]
[PlyCount "46"]
[EventDate "2008.11.13"]
[EventType "team-tourn"]
[EventRounds "11"]
[EventCountry "GER"]
[Source "lmi"]
[SourceDate "2008.11.13"]
[WhiteTeam "Rusia"]
[BlackTeam "Eslovenia"]
[WhiteTeamCountry "RUS"]
[BlackTeamCountry "SLO"]

1. e4 e5 2. Nf3 d6 3. d4 exd4 4. Nxd4 Nf6 5. Nc3 Be7 6. Bf4 O-O 7. Qd2 d5 8.
Ndb5 Bb4 9. O-O-O c6 10. Nc7 Nxe4 11. Qe3 Nxc3 12. bxc3 Ba3+ 13. Kb1 Na6 14.
Nxa8 Qa5 15. Bxa6 bxa6 16. Ka1 Be6 17. c4 Bb4 18. Be5 d4 19. Qxd4 Bxc4 20. Qb2
Ba3 21. Qc3 Bb4 22. Qb2 Ba3 23. Qc3 Bb4 1/2-1/2

[Event "Olimpiada Dresden 2008 Femenina"]
[Site "Dresden GER"]
[Date "2008.11.14"]
[Round "2.1"]
[White "Srebrnic, Ana"]
[Black "Kosintseva, Nadezhda"]
[Result "0-1"]
[WhiteElo "2290"]
[BlackElo "2468"]
[PlyCount "132"]
[EventDate "2008.11.13"]
[EventType "team-tourn"]
[EventRounds "11"]
[EventCountry "GER"]
[Source "lmi"]
[SourceDate "2008.11.13"]
[WhiteTeam "Eslovenia"]
[BlackTeam "Rusia"]
[WhiteTeamCountry "SLO"]
[BlackTeamCountry "RUS"]

1. Nf3 d5 2. d4 Nf6 3. c4 e6 4. cxd5 exd5 5. Nc3 Bb4 6. Bg5 Nbd7 7. Nd2 Bxc3 8.
bxc3 c5 9. Qa4 O-O 10. e3 Nb6 11. Qa3 c4 12. Be2 Bf5 13. O-O Re8 14. Rfe1 h6
15. Bh4 Re6 16. Bf1 g5 17. Bg3 Qe8 18. Be5 Ne4 19. Nxe4 Bxe4 20. Bd6 Qc6 21.
Bg3 Rae8 22. Be2 Bg6 23. Bd1 a6 24. Qc5 Nd7 25. Qxc6 Rxc6 26. f3 Bd3 27. Bf2 f5
28. Be2 Kf7 29. Bf1 b5 30. a4 Rb8 31. axb5 Rxb5 32. Ra3 a5 33. Rea1 Ra6 34. Bg3
Bc2 35. h4 a4 36. hxg5 hxg5 37. e4 f4 38. Be1 Ke6 39. exd5+ Kxd5 40. Bd2 Rb1
41. Rxb1 Bxb1 42. g3 Bc2 43. gxf4 gxf4 44. Bxf4 Rb6 45. Bd2 Rb1 46. Kf2 Nb6 47.
Bg2 Ke6 48. f4 Rb2 49. Ke3 Nd5+ 50. Bxd5+ Kxd5 51. Ra1 Rb8 52. Bc1 Rh8 53. Ba3
Rh3+ 54. Kd2 Rh2+ 55. Ke3 Rh3+ 56. Kd2 Bb3 57. Bb4 Rd3+ 58. Ke2 Ke4 59. Rf1 a3
60. Bxa3 Rxc3 61. Rc1 Rh3 62. Bb4 Rh2+ 63. Ke1 Bc2 64. d5 Kxd5 65. Bd2 Bd3 66.
Be3 Re2+ 0-1

[Event "Olimpiada Dresden 2008 Femenina"]
[Site "Dresden GER"]
[Date "2008.11.14"]
[Round "2.1"]
[White "Pogonina, Natalija"]
[Black "Rozic, Vesna"]
[Result "1-0"]
[WhiteElo "2474"]
[BlackElo "2293"]
[PlyCount "83"]
[EventDate "2008.11.13"]
[EventType "team-tourn"]
[EventRounds "11"]
[EventCountry "GER"]
[Source "lmi"]
[SourceDate "2008.11.13"]
[WhiteTeam "Rusia"]
[BlackTeam "Eslovenia"]
[WhiteTeamCountry "RUS"]
[BlackTeamCountry "SLO"]

1. e4 e6 2. d4 d5 3. Nd2 c5 4. exd5 Qxd5 5. dxc5 Bxc5 6. Ngf3 Nf6 7. Bc4 Qd8 8.
O-O O-O 9. Qe2 Nbd7 10. Nb3 Bd6 11. Nbd4 Re8 12. Rd1 Qe7 13. Bg5 h6 14. Bh4 a6
15. a4 Nf8 16. Qd3 Bf4 17. Bg3 Bxg3 18. hxg3 Bd7 19. Ne5 Rad8 20. Qe2 Bc8 21.
c3 Qc7 22. Re1 Nd5 23. Rad1 Rd6 24. Bb3 Red8 25. Bc2 Nf6 26. Bb3 Qc5 27. a5 Nd5
28. Qf3 Qc7 29. Ra1 b5 30. axb6 Nxb6 31. Qe2 Bb7 32. Bc2 Nfd7 33. Nxf7 Kxf7 34.
Nxe6 Rxe6 35. Qxe6+ Kf8 36. Rad1 Nf6 37. Rxd8+ Qxd8 38. Rd1 Nbd5 39. c4 Qe7 40.
cxd5 Bxd5 41. Qxe7+ Kxe7 42. Bd3 1-0

[Event "Olimpiada Dresden 2008 Femenina"]
[Site "Dresden GER"]
[Date "2008.11.14"]
[Round "2.2"]
[White "Paehtz, Elisabeth"]
[Black "Lujan, Carolina"]
[Result "1/2-1/2"]
[WhiteElo "2471"]
[BlackElo "2366"]
[PlyCount "96"]
[EventDate "2008.11.13"]
[EventType "team-tourn"]
[EventRounds "11"]
[EventCountry "GER"]
[Source "lmi"]
[SourceDate "2008.11.13"]
[WhiteTeam "Alemania"]
[BlackTeam "Argentina"]
[WhiteTeamCountry "GER"]
[BlackTeamCountry "ARG"]

1. e4 c5 2. Nf3 Nc6 3. d4 cxd4 4. Nxd4 Nf6 5. Nc3 e5 6. Ndb5 d6 7. Bg5 a6 8.
Na3 b5 9. Nd5 Be7 10. Bxf6 Bxf6 11. c4 Nd4 12. cxb5 Bb7 13. Nc3 O-O 14. bxa6
Rxa6 15. Nc4 Bg5 16. Ne3 Rb6 17. b3 Bxe3 18. fxe3 Ne6 19. Bc4 Qh4+ 20. g3 Qh3
21. Qd3 Nc5 22. Qf1 Qh6 23. Qf3 Nxe4 24. Nxe4 d5 25. Nc5 Qd6 26. Nxb7 Qb4+ 27.
Ke2 dxc4 28. Qe4 Rxb7 29. Qxc4 Qa3 30. Rhc1 Rb6 31. Rc2 Rf6 32. Rf1 Rxf1 33.
Kxf1 Qa8 34. Qc6 Qd8 35. Kg2 Qd3 36. e4 h5 37. Qc4 Qd7 38. Qd5 Qe7 39. Qc5 Qe6
40. Qd5 Qe7 41. Rf2 h4 42. a4 Qg5 43. Qd2 Qg4 44. Qe2 h3+ 45. Kg1 Qe6 46. Qc4
Qg4 47. Qe2 Qe6 48. Qc4 Qg4 1/2-1/2

[Event "Olimpiada Dresden 2008 Femenina"]
[Site "Dresden GER"]
[Date "2008.11.14"]
[Round "2.2"]
[White "Amura, Claudia"]
[Black "Kachiani-Gersinska, Ketino"]
[Result "0-1"]
[WhiteElo "2344"]
[BlackElo "2371"]
[PlyCount "42"]
[EventDate "2008.11.13"]
[EventType "team-tourn"]
[EventRounds "11"]
[EventCountry "GER"]
[Source "lmi"]
[SourceDate "2008.11.13"]
[WhiteTeam "Argentina"]
[BlackTeam "Alemania"]
[WhiteTeamCountry "ARG"]
[BlackTeamCountry "GER"]

1. d4 Nf6 2. c4 g6 3. Nc3 Bg7 4. e4 d6 5. Be2 O-O 6. Nf3 e5 7. O-O Nc6 8. d5
Ne7 9. b4 Nh5 10. c5 Nf4 11. Be3 h6 12. Rc1 Nxe2+ 13. Qxe2 f5 14. cxd6 cxd6 15.
Nb5 fxe4 16. Nd2 Nxd5 17. Bxa7 Nf4 18. Qxe4 d5 19. Qe3 d4 20. Qb3+ Be6 21. Qd1
Qd5 0-1